Welcome to the Holygrace Academy Library

Please use search bar below to get started

HASTHAREKHASHASTRAMSECOND EDITION (Record no. 1172)

MARC details
000 -LEADER
fixed length control field 00309nam a22001337a 4500
082 ## - DEWEY DECIMAL CLASSIFICATION NUMBER
Classification number 894.812
Item number KAI/H
100 ## - MAIN ENTRY--AUTHOR NAME
Personal name CHEIRO
245 ## - TITLE STATEMENT
Title HASTHAREKHASHASTRAMSECOND EDITION
250 ## - EDITION STATEMENT
Edition statement SECOND EDITION
260 ## - PUBLICATION, DISTRIBUTION, ETC. (IMPRINT)
Place of publication ALUVA
Name of publisher PEN BOOKS
Year of publication 2002
300 ## - PHYSICAL DESCRIPTION
Number of Pages 184
650 ## - SUBJECT ADDED ENTRY--TOPICAL TERM
Topical Term ASTROLOGICAL NOTES
Geographic subdivision KERALA
942 ## - ADDED ENTRY ELEMENTS (KOHA)
Koha item type Books
Holdings
Withdrawn status Lost status Collection code Home library Current library Shelving location Date acquired Source of acquisition Cost, normal purchase price Full call number Accession Number Koha item type
    Reference Main Library Main Library SHELF-6E-- MALAYALAM PSYCHOLOGICAL &MOTIVATIONAL BOOKS 23/07/2019 purchase 95.00 894.812 KAI/H 11465 Books